000 00327nam a2200133Ia 4500
008 191201s2015 xx 000 0 und d
082 _a537.6
_bNES
100 _aNEAMEN, Donald A.
245 0 _aSemiconductor Physics and Devices
260 _aNew Delhi
_bTMH
_c2015
300 _a758
650 _aB.Tech CSE
942 _2ddc
_cBK
999 _c13023
_d13023